000 00505cam a22001694a 4500
020 _a0851999123 (alk. paper)
020 _a9780851999128 (alk. paper)
082 0 0 _a551.48
_bCOX/LA
245 0 0 _aLand use change in tropical watersheds :
260 _aWallingford, UK ;
_aCambridge, MA :
_bCABI Pub.,
_cc2005.
300 _axi, 191 p. :
_bill. (some col.), maps ;
650 0 _aLand use, Rural
650 0 _aWatershed management
700 1 _aCoxhead, Ian A.
700 1 _aShively, Gerald.
942 _cBK
999 _c13708
_d13708